000 01540nam0a2200385 4500
001 RU\NLR\BIBL_A\012622994
005 20260319145408.0
010 _a978-5-386-13694-9
_91200
021 _aRU
_bКН-П-21-041638
_9КН-П-21-3270
035 _a(NLR Aleph) 012622994
090 _a12644293
_c12644293
100 _a20211018d2021 u y0rusy50 ca
101 1 _arus
_cfre
102 _aRU
105 _ay|||z|||000zy
181 0 _ai
_baxxe
182 0 _an
200 1 _aСистема вещей
_dLe systeme des objets
_fЖан Бодрийяр
_gперевод с французского С.Н. Зенкина
_zfre
203 _aТекст
_bвизуальный
_cнепосредственный
210 _aМосква
_cРИПОЛ классик
_cПанглосс
_d2021
215 _a253, [2] с.
_d21
225 1 _aФигуры философии
300 _aАвт. также на фр. яз.: Jean Baudrillard
320 _aБиблиогр. в подстроч. примеч.
333 _a16+
510 1 _6z33790
_aLe systeme des objets
_zfre
606 1 _aПостмодернизм (филос.)
_yФранция
_92701570
_3RU\NLR\AUTH\6601767885
686 1 _aЮ3(4Фр)6-68
700 1 _7ca
_8rus
_aБодрийяр
_bЖ.
_f1929-2007
_gЖан
_9120510
_3RU\NLR\AUTH\7710745
790 1 _6z33510
_7ba
_8fre
_aBaudrillard
_bJ.
_f1929-2007
_gJean
_9126926
_3RU\NLR\AUTH\770126946
942 _cBOOK
980 4 _aVNP_UJZ
980 _aNB